JetPunk Users by Quizzes - Statistics

General Stats
  • This quiz has been taken 23 times
  • The average score is 4 of 9
Answer Stats
Hint Answer % Correct
Countries of the World, South Park Trivia, Bacon Puzzle #1 Quizmaster
94%
We Saw Your Boobs, The "Are You Too Dumb to Live?" Quiz, The Worst Highest Grossing Movies of All Time kalbahamut
69%
Highest Grossing Animated Series, Tourist Route of Europe, The Quiz on New York City relessness
69%
Fast Typing A to Z, 12 Months in 15 Seconds, Johnny's General Knowledge #1 johnnyaitch
50%
Disney Animated Characters, The 70's Fad Quiz, The Ten Commandments CBTemple
38%
Cities with the most Foreign Embassies, Top 10 most sexually active countries, Orthodox Countries bleumarine22
31%
Make words from "JetPunk", Unscramble Movie Titles, "Thank You" in Different Languages cyn
31%
World Puzzles - Countries, Cult Classic Films by Clue, Story Songs by Plot buck1017
19%
Big Cats, Cliches about What's Better, Major World Religions ThirdParty
19%
No matching quizzes found
Score Distribution
Percent of People with Each Score
Percentile by Number Answered
Your Score History
You have not taken this quiz